Emile Verhaeren: sa vie - son oeuvre

Sparad:
Bibliografiska uppgifter
Huvudupphovsman: Zweig, Stefan
Materialtyp: Bok
Språk:Undetermined
Publicerad: París, Francia Mercure 1946
Ämnen:
Taggar: Lägg till en tagg
Inga taggar, Lägg till första taggen!

MARC

LEADER 00000nam a2200000Ia 4500
008 170316s9999 xx 000 0 und d
040 |a cru BVZT 
090 |a 830 Z-3e 
100 |a Zweig, Stefan 
245 |a Emile Verhaeren: sa vie - son oeuvre 
260 |a París, Francia 
260 |b Mercure 
260 |c 1946 
300 |a 338 páginas 
650 |a LITERATURA ALEMANA 
999 |c 7467  |d 7467 
942 |c 15 D  |h 830 Z-3e  |2 z